Flags by Letter - U - Statistics

General Stats
  • This quiz has been taken 239 times
  • The average score is 7 of 7
Answer Stats
Picture Answer % Correct
United Kindgom
100%
Ukraine
99%
United States
99%
Uruguay
97%
Uganda
96%
Uzbekistan
95%
United Arab Emirates
90%
No matching quizzes found
Score Distribution
Percent of People with Each Score
Percentile by Number Answered
Your Score History
You have not taken this quiz